LDR 00829naa#a2200205#i#450# 001 EN\\bibl\121506 005 20260604013836.4 011 ## _a0536-101X 100 ## _a20251226b2025####ek#y0engy0150####ca 101 0# _aRUS 102 ## _aRU 200 1# _aA Study of the Integrated Use of Traditional and Satellite Technologies for Transmitting Planned Coordinates to the Installation Horizon _eJournal article 210 1# _aMoscow _cMIIGAiK _d2025 215 ## _a10 с. 608 ## _aJournal article _2local 675 ## _aРазбивка в плане. 528.486.023 _zRUS 686 ## _aПрикладная геодезия. Прикладные применения аэросъемки и фотограмметрии. 36.23 _2grnti 700 #1 _aZhimagulov _gDmitriy Kirimovich 700 #1 _aNasereddin _gHassan Hamadovich 856 4# _amiigaik.editorum.ru _u